000
00159nam a22000857a 4500
082
_a
823
100
_a
TOMS BERK RETOLD
245
_a
FAMOUS FOLK TALES
942
_c
BK
999
_c
8262
_d
8262